000 02201nam a2200409 c 4500
003 BLK
005 20250225161515.0
008 180409b bul|||||r ||||||| ||bul||
010 _aKNG00106316000
020 _a954-9964-54-Х
_bиздат.: Класика и стил
040 _aBLK
041 _aBUL
_cBUL
080 _aСтопански планове. Стопанско планиране
_b338.26
_x(035)
_z338.26(035)
080 _aБизнес план на фирми. Фирмено планиране (+658.012.2+338.26)
_b334.72.008.5
_x(035)
_z334.72.008.5(035)
080 _aФинанси на стопанските организации (вкл. финансиране и управление на финансите). Финанси на стопанския сектор
_b336.6
_x(035)
_z336.6(035)
100 1 _aБароу, Пол
_eпърви автор
_9374748
700 1 _aИванов, Красимир
_eпрев. от англ.
_9374749
139 _aБароу, Пол
_bБ 26
245 1 0 _aНай-добрите бизнес планове
_bПодготовка и представяне
_cПол Бароу; прев. от англ. Красимир Иванов.
257 _aUSA
260 София
_bКласика и стил
_c2002
_fВ. Търново : Абагар АД
300 _aХVІІ, 275 с.
_c22 см
380 _a3
500 _aОриг. загл. The Best-Laid Business Plans : How To Wrire Them, How To Pitch Them / Paul Barrow. - Офс. изд. - Съдържа и Азб. показалец.
650 4 _aБизнес - планиране - наръчници и ръководства
_9255722
650 4 _aФирми - планиране - наръчници и ръководства
_9256996
650 4 _aСтопански предприятия - организация и управление
_9262378
653 _aбизнесплан
653 _aнаръчници
653 _aръководства
852 _aЦб 214949
856 4 _qpdf
_u
856 4 _qpdf
_u
942 _cKNG
_n0
_016
944 _aCR
_c01.01.2002
_lЦветомила Тодорова
_k30576
944 _aED
_c09.04.2010
_lф /
_k
999 _c101273
_d101273